<?xml version="1.0" encoding="UTF-8"?>
<marc:record xmlns:marc="http://www.loc.gov/MARC21/slim">
   <marc:leader>00000nam a2200000 a 4500</marc:leader>
   <marc:datafield ind1="1" ind2=" " tag="100">
      <marc:subfield code="a">McFadden, Freida</marc:subfield>
      <marc:subfield code="4">aut</marc:subfield>
      <marc:subfield code="e">Verfasser/-in</marc:subfield>
   </marc:datafield>
   <marc:datafield ind1="0" ind2="0" tag="245">
      <marc:subfield code="a">The intruder</marc:subfield>
   </marc:datafield>
   <marc:datafield ind1="0" ind2="0" tag="245">
      <marc:subfield code="c">McFadden, Freida</marc:subfield>
   </marc:datafield>
   <marc:datafield ind1=" " ind2="1" tag="264">
      <marc:subfield code="a">Naperville</marc:subfield>
      <marc:subfield code="b">Poisoned Pen Press</marc:subfield>
      <marc:subfield code="c">2025</marc:subfield>
   </marc:datafield>
   <marc:datafield ind1="1" ind2=" " tag="520">
      <marc:subfield code="a">Who knows what the storm will blow in…&#xD;
&#xD;
Casey's cabin in the wilderness is not built for a hurricane. Her roof shakes, the lights flicker, and the tree outside her front door sways ominously in the wind. But she's a lot more worried about the girl she discovers lurking outside her kitchen window.&#xD;
&#xD;
She’s young. She’s alone. And she’s covered in blood.&#xD;
&#xD;
The girl won't explain where she came from, or loosen her grip on the knife in her right hand. And when Casey makes a disturbing discovery in the middle of the night, things take a turn for the worse.&#xD;
&#xD;
The girl has a dark secret. One she’ll kill to keep. And if Casey gets too close to the truth, she may not live to see the morning.&#xD;
&#xD;
In this taut, deadly tale of endurance and desperation, Freida McFadden explores how far one girl will go to save herself – and the deadly repercussions of survival at any cost…</marc:subfield>
   </marc:datafield>
   <marc:datafield ind1=" " ind2=" " tag="020">
      <marc:subfield code="a">9781464228612</marc:subfield>
      <marc:subfield code="9">9781464228612</marc:subfield>
   </marc:datafield>
   <marc:datafield ind1=" " ind2=" " tag="041">
      <marc:subfield code="a">eng</marc:subfield>
   </marc:datafield>
   <marc:datafield ind1=" " ind2=" " tag="338">
      <marc:subfield code="a">Band</marc:subfield>
   </marc:datafield>
   <marc:datafield ind1=" " ind2=" " tag="300">
      <marc:subfield code="a">320 Seiten</marc:subfield>
   </marc:datafield>
</marc:record>
